000 00213nam a2200085Ia 4500
008 120527s9999 xx 000 0 und d
100 _aJohnson, M.
245 _aSystematic introduction to the psychology
942 _cBK
999 _c27634
_d27634